000 00473nam a22001817a 4500
005 20251108163346.0
008 250721s9999 xx 000 0 ara d
082 1 4 _a343.209565/مدغ
100 1 _aمدغمش، جمال
245 1 0 _aالإحتيال و المحتالون /
264 1 _aعمان :
_c[19-].
300 _a68ص.
650 1 7 _aالقانون الجنائي
650 1 7 _aالعقوبات
650 1 7 _aالأردن
942 _2ddc
_cBK
999 _c687
_d687